NBA 2k20 Overalls - Statistics

General Stats
  • This quiz has been taken 347 times
  • The average score is 59 of 100
Answer Stats
Team Overall Player % Correct
Lakers 97 LeBron James
100%
Rockets 96 James Harden
99%
Nets 96 Kevin Durant
99%
Warriors 95 Steph Curry
99%
Bucks 96 Giannis Antetokounmpo
98%
Clippers 97 Kawhi Leonard
98%
Lakers 94 Anthony Davis
97%
Blazzers 92 Damian Lillard
97%
76ers 91 Joel Embiid
97%
Nets 91 Kyrie Irving
97%
Nuggets 90 Nikola Jokic
97%
Clippers 93 Paul George
96%
Warriors 89 Klay Thompson
95%
Timberwolves 89 Karl Anthony-Towns
94%
Heat 88 Jimmy Butler
93%
Rockets 90 Russell Westbrook
93%
Jazz 88 Donovan Mitchell
90%
Celtics 85 Jayson Tatum
89%
Jazz 88 Rudy Gobert
89%
Warriors 86 Draymond Green
87%
76ers 87 Ben Simmons
85%
Wizards 87 Bradley Beal
85%
Pistons 88 Blake Griffin
83%
Thunder 85 Chris Paul
83%
Mavs 87 Luka Doncic
82%
Hawks 85 Trae Young
77%
Blazzers 87 C.J. Mccollum
76%
Wizards 86 John Wall
76%
Spurs 87 DeMar DeRozan
75%
Suns 86 Devin Booker
74%
Kings 86 De'Aaron Fox
73%
Celtics 88 Kemba Walker
72%
Raptors 85 Kyle Lowry
72%
Nuggets 84 Jamal Murray
71%
Raptors 87 Pascal Siakam
71%
Mavs 87 Kristaps Porzingis
69%
Bulls 85 Zach Lavine
69%
Bucks 85 Kris Middleton
68%
Pistons 86 Andre Drummond
66%
Warriors 87 D'Angelo Russell
65%
Nuggets 79 Gary Harris
65%
76ers 85 Tobias Harris
65%
Pelicans 81 Zion Williamson
64%
76ers 85 Al Horford
63%
Pelicans 86 Jrue Holiday
62%
Jazz 87 Mike Conley
62%
Rockets 85 Clint Capela
61%
Spurs 87 LaMarcus Aldridge
61%
Pelicans 81 Brandon Ingram
60%
Clippers 84 Lou Williams
59%
Wolves 79 Andrew Wiggins
57%
Grizzlies 79 Ja Morant
57%
Pacers 87 Victor Oladipo
57%
Magic 86 Nikola Vucevic
55%
Hawks 84 John Collins
53%
Pacers 81 Domantas Sabonis
52%
Kings 84 Buddy Hield
51%
Cavs 83 Kevin Love
50%
Thunder 82 Steven Adams
50%
Magic 81 Aaron Gordon
48%
Knicks 83 Julius Randle
48%
Grizzlies 82 Jaren Jackson Jr.
47%
Bucks 79 Brook Lopez
46%
Blazzers 83 Jusuf Nurkic
46%
Pistons 80 Reggie Jackson
46%
Lakers 84 Kyle Kuzma
45%
Suns 82 Deandre Ayton
44%
Lakers 81 DeMarcus Cousins
44%
Lakers 80 Dwight Howard
44%
Bucks 85 Eric Bledsoe
44%
Raptors 82 Marc Gasol
44%
Raptors 79 Fred VanVleet
43%
Celtics 82 Marcus Smart
43%
Pacers 82 Myles Turner
42%
Pistons 80 Derrick Rose
41%
Bulls 83 Lauri Markkanen
41%
Heat 79 Bam Adebayo
38%
Celtics 80 Gordon Hayward
38%
Nets 79 Jarrett Allen
37%
Jazz 83 Bojan Bogdanovic
36%
Nets 81 Deandre Jordan
35%
Pacers 83 Malcom Brogdon
35%
Blazzers 81 Hassan Whiteside
34%
Nuggets 82 Paul Millsap
33%
Nets 82 Spencer Dinwiddie
33%
Clippers 83 Montrezl Harrell
32%
Grizzlies 81 Jonas Valanciunas
31%
Kings 83 Marvin Bagley
31%
Bulls 80 Otto Porter
31%
Raptors 81 Serge Ibaka
27%
Pacers 80 T.J. Warren
27%
Kings 79 Harrison Barnes
26%
Thunder 83 Danillo Gallinari
25%
Heat 79 Goran Dragic
24%
Pelicans 80 J.J. Redick
24%
Celtics 80 Enes Kanter
22%
Pelicans 80 Derrick Favors
20%
76ers 80 Josh Richardson
20%
Spurs 81 Rudy Gay
18%
Wolves 80 Robert Covington
16%
No matching quizzes found
Score Distribution
Percent of People with Each Score
Percentile by Number Answered
Your Score History
You have not taken this quiz